[Event "Russian Championship (rapid) 2015"]
[Site "St Petersburg RUS"]
[Date "2015.05.14"]
[Round "9"]
[White "Inarkiev, Ernesto"]
[Black "Amonatov, Farrukh"]
[Result "1-0"]
[WhiteElo "2664"]
[BlackElo "2592"]
[PlyCount "133"]
[EventDate "2015.05.13"]

1. d4 Nf6 2. c4 g6 3. Nc3 Bg7 4. e4 d6 5. Nf3 O-O 6. Be2 e5 7. Be3 Ng4 8. Bg5
f6 9. Bh4 Nd7 10. d5 Nh6 11. Nd2 g5 12. Bg3 f5 13. f3 Nf6 14. Bf2 g4 15. Qc2
gxf3 16. gxf3 fxe4 17. Ndxe4 Nf5 18. Rg1 Nd4 19. Qd3 Nxe2 20. Qxe2 Nh5 21.
O-O-O Nf4 22. Qe1 Kh8 23. Bh4 Qe8 24. c5 dxc5 25. d6 cxd6 26. Rxd6 Bf5 27. Rxg7
Kxg7 28. Nf6 Rxf6 29. Bxf6+ Kg8 30. Ne4 Qf8 31. Qg3+ Bg6 32. Qg5 Qf7 33. b3 c4
34. Bxe5 Nd3+ 35. Kd2 Nxe5 36. Qxe5 Bxe4 37. Qxe4 cxb3 38. axb3 Rf8 39. Qg4+
Qg7 40. Qxg7+ Kxg7 41. Ke3 Rf6 42. Rd7+ Rf7 43. Rd5 Kf6 44. f4 Rc7 45. Kd3 b6
46. b4 Ke6 47. Rh5 Kf6 48. b5 Rd7+ 49. Ke4 Re7+ 50. Re5 Rc7 51. Rf5+ Ke6 52.
Rh5 Rc4+ 53. Kf3 Rc7 54. Kg4 Rg7+ 55. Rg5 Rf7 56. Re5+ Kd6 57. h4 a6 58. bxa6
Ra7 59. Rh5 Kc6 60. f5 b5 61. f6 Rxa6 62. f7 Ra8 63. Rf5 Rf8 64. Kg5 b4 65. Kf6
b3 66. Kg7 b2 67. Rf1 1-0

[Event "Russian Championship (rapid) 2015"]
[Site "St Petersburg RUS"]
[Date "2015.05.14"]
[Round "10"]
[White "Inarkiev, Ernesto"]
[Black "Alekseev, Evgeny"]
[Result "1/2-1/2"]
[WhiteElo "2664"]
[BlackElo "2653"]
[PlyCount "154"]
[EventDate "2015.05.13"]

1. d4 d5 2. c4 e6 3. Nc3 Bb4 4. Nf3 Nf6 5. cxd5 exd5 6. Qa4+ Nc6 7. Bg5 h6 8.
Bxf6 Qxf6 9. e3 O-O 10. Be2 Be6 11. O-O a6 12. Nd2 Bd6 13. Qc2 Ne7 14. Na4 b6
15. g3 g6 16. Bf3 h5 17. Rad1 h4 18. Nc3 Rad8 19. Qd3 Qg5 20. Bg2 hxg3 21. hxg3
Kg7 22. e4 dxe4 23. Ndxe4 Qh5 24. Rfe1 Be5 25. Bf3 Qh8 26. Ne2 Nf5 27. Qc3 Nxd4
28. Nxd4 Kg8 29. b3 c5 30. Qd3 Bxd4 31. Qxa6 Ra8 32. Qe2 Qe5 33. Kg2 Kg7 34.
Qd2 Bd5 35. Ng5 Qf5 36. Bxd5 Qxd5+ 37. Nf3 Rh8 38. Qe2 Qc6 39. Qe4 Qxe4 40.
Rxe4 Rxa2 41. Nxd4 cxd4 42. Rdxd4 Rc8 43. Rd7 Rc5 44. Rf4 Rf5 45. Rxf5 gxf5 46.
Rd6 f6 47. Rxb6 Rb2 48. Kf3 Kg6 49. Rb8 Kg7 50. Ke3 Kg6 51. Rb5 Kg5 52. f3 Kg6
53. Kf4 Rb1 54. g4 fxg4 55. Kxg4 Rg1+ 56. Kf4 Rb1 57. b4 Rb3 58. Ke4 Rb1 59.
Rb8 Rb3 60. f4 Rb1 61. Rb5 Re1+ 62. Kd4 Rd1+ 63. Kc4 Rc1+ 64. Kd5 Kf5 65. Rc5
Rd1+ 66. Kc6+ Kxf4 67. b5 f5 68. b6 Rd8 69. b7 Ke4 70. Ra5 Rb8 71. Ra8 Rxb7 72.
Re8+ Kd3 73. Kxb7 f4 74. Rf8 Ke3 75. Kc6 f3 76. Kd5 f2 77. Rxf2 Kxf2 1/2-1/2

[Event "Russian Championship (rapid) 2015"]
[Site "St Petersburg RUS"]
[Date "2015.05.14"]
[Round "11"]
[White "Fedoseev, Vladimir3"]
[Black "Inarkiev, Ernesto"]
[Result "1/2-1/2"]
[WhiteElo "2683"]
[BlackElo "2664"]
[PlyCount "102"]
[EventDate "2015.05.13"]

1. d4 Nf6 2. c4 e6 3. Nf3 d5 4. Nc3 Nbd7 5. e3 b6 6. b3 Bb7 7. Bb2 Bd6 8. Bd3
O-O 9. O-O a6 10. Qc2 c5 11. cxd5 exd5 12. Rad1 Re8 13. Bf5 Nf8 14. dxc5 bxc5
15. Na4 Ne4 16. Bxe4 dxe4 17. Qc3 Ne6 18. Nxc5 exf3 19. Nxe6 Qf6 20. Qxf6 gxf6
21. Rxd6 fxg2 22. Rc1 Rxe6 23. Rxe6 fxe6 24. Rc7 Bd5 25. Bxf6 h5 26. Rg7+ Kf8
27. Rh7 a5 28. Rxh5 Kf7 29. Bc3 Kg6 30. Rh4 Rc8 31. e4 Bb7 32. Be5 Rc5 33. Bd4
Kg5 34. Bxc5 Kxh4 35. f3 Kh3 36. a4 Ba6 37. Bb6 Be2 38. f4 Bd3 39. Bxa5 Bxe4
40. Bb6 Bc2 41. a5 Bxb3 42. a6 Bd5 43. a7 Bb7 44. Bd4 Bc6 45. Bc3 Bb7 46. Bd2
Bc6 47. Be1 Bb7 48. Bc3 Ba8 49. Bf6 Bb7 50. Be7 Ba8 51. Bc5 Bb7 1/2-1/2

[Event "Russian Championship (rapid) 2015"]
[Site "St Petersburg RUS"]
[Date "2015.05.13"]
[Round "1"]
[White "Fedoseev, Vladimir3"]
[Black "Iskusnyh, Sergei"]
[Result "1-0"]
[WhiteElo "2683"]
[BlackElo "2465"]
[PlyCount "83"]
[EventDate "2015.05.13"]

1. Nf3 d5 2. g3 c6 3. Bg2 Bf5 4. O-O e6 5. d3 Nf6 6. Nh4 Bg4 7. f4 Bc5+ 8. Kh1
Bh5 9. h3 O-O 10. Qe1 Be7 11. b3 Nfd7 12. Bb2 Bxh4 13. gxh4 Qe7 14. c4 Re8 15.
Nc3 Nf6 16. e4 dxe4 17. dxe4 Rd8 18. Qg3 Rd2 19. Rab1 Ne8 20. f5 e5 21. Bc1 Rd4
22. Be3 Rd3 23. Nd1 Nd7 24. Nf2 Rc3 25. Ng4 Ndf6 26. Rbe1 Rd8 27. Nxe5 Qc7 28.
Qf4 Rc2 29. Rf2 Rxf2 30. Bxf2 Nd7 31. Nd3 f6 32. Qe3 Nd6 33. c5 Nc8 34. Bg3 Qa5
35. e5 Nxe5 36. Nxe5 fxe5 37. Rg1 Qd2 38. Qxe5 Re8 39. Qc7 Bf7 40. f6 g6 41.
Qxb7 Qe3 42. Re1 1-0

[Event "Russian Championship (rapid) 2015"]
[Site "St Petersburg RUS"]
[Date "2015.05.13"]
[Round "2"]
[White "Deviatkin, Andrei"]
[Black "Fedoseev, Vladimir3"]
[Result "0-1"]
[WhiteElo "2528"]
[BlackElo "2683"]
[PlyCount "92"]
[EventDate "2015.05.13"]

1. e4 g6 2. d4 Bg7 3. Nf3 d6 4. c3 Nd7 5. Bc4 e6 6. O-O Ne7 7. Bb3 O-O 8. Be3
b5 9. a4 bxa4 10. Bxa4 Nb6 11. Bc2 a5 12. Bd3 f5 13. Bg5 h6 14. Bxe7 Qxe7 15.
Re1 Qf7 16. Nbd2 g5 17. exf5 exf5 18. Qb3 Qxb3 19. Nxb3 a4 20. Nbd2 Bf6 21. Nc4
Nd5 22. Ne3 Nxe3 23. Rxe3 Bd7 24. Bc4+ Kg7 25. Be6 Bxe6 26. Rxe6 Rfb8 27. Re2
g4 28. Ne1 Rb3 29. Nd3 a3 30. bxa3 Rxc3 31. Nf4 Rcxa3 32. Rxa3 Rxa3 33. g3 Rc3
34. Kg2 Kf7 35. Nd5 Rc1 36. Ne3 Kg6 37. Rd2 Bg5 38. Rd3 Bxe3 39. Rxe3 Kf7 40.
h3 h5 41. hxg4 hxg4 42. f3 Rc2+ 43. Kf1 gxf3 44. d5 Rc5 45. Rd3 Kf6 46. Kf2 Ke5
0-1

[Event "Russian Championship (rapid) 2015"]
[Site "St Petersburg RUS"]
[Date "2015.05.13"]
[Round "3"]
[White "Fedoseev, Vladimir3"]
[Black "Bocharov, Ivan"]
[Result "1-0"]
[WhiteElo "2683"]
[BlackElo "2489"]
[PlyCount "83"]
[EventDate "2015.05.13"]

1. Nf3 f5 2. d3 d6 3. e4 e5 4. Nc3 Nc6 5. h3 Nf6 6. exf5 Bxf5 7. g4 Bg6 8. Bg2
Be7 9. O-O O-O 10. Nh4 Bf7 11. Nf5 d5 12. f4 Bc5+ 13. Kh1 d4 14. Na4 Bd6 15. c4
dxc3 16. Nxc3 exf4 17. Nxd6 Qxd6 18. Bxf4 Qd7 19. Bg5 Ne8 20. d4 Nd6 21. d5 Ne5
22. Qd4 Rae8 23. Bf4 Nec4 24. b3 Nb6 25. a4 a5 26. Bxd6 Qxd6 27. Nb5 Qd7 28. d6
Na8 29. Qc5 Rc8 30. Bxb7 Rb8 31. Bc6 cxd6 32. Nxd6 Qe7 33. Rxf7 Rxf7 34. Bd5
Rd8 35. Bxf7+ Kh8 36. Bd5 Rxd6 37. Bxa8 h5 38. Rf1 hxg4 39. Qc8+ Rd8 40. Qxg4
g5 41. Be4 Kg7 42. Qf5 1-0

[Event "Russian Championship (rapid) 2015"]
[Site "St Petersburg RUS"]
[Date "2015.05.13"]
[Round "4"]
[White "Savchenko, Boris"]
[Black "Fedoseev, Vladimir3"]
[Result "1-0"]
[WhiteElo "2556"]
[BlackElo "2683"]
[PlyCount "91"]
[EventDate "2015.05.13"]

1. e4 g6 2. d4 Bg7 3. Nc3 d6 4. Be3 a6 5. Qd2 b5 6. f3 Bb7 7. a4 b4 8. Nd1 a5
9. c3 Na6 10. Nf2 Nf6 11. Bd3 O-O 12. Ne2 c5 13. d5 Nd7 14. h4 Ne5 15. Bh6 e6
16. c4 exd5 17. cxd5 c4 18. Bxg7 Kxg7 19. h5 cxd3 20. hxg6 fxg6 21. Qh6+ Kf7
22. f4 dxe2 23. fxe5 Ke8 24. Qxh7 Qc7 25. Ng4 Qxh7 26. Rxh7 dxe5 27. Kxe2 Nc5
28. Rc1 Nd7 29. Rc7 Bc8 30. Ke3 Kd8 31. Rc6 Ra6 32. Rg7 Re8 33. b3 Rf8 34. Nh6
Rxc6 35. dxc6 Nc5 36. Ra7 Rf6 37. Nf7+ Ke8 38. Nxe5 Re6 39. Kd4 Nxb3+ 40. Kd5
Rf6 41. Nc4 Kd8 42. Nd6 Nd2 43. e5 Re6 44. c7+ Kd7 45. Nxc8 Rc6 46. Nd6 1-0

[Event "Russian Championship (rapid) 2015"]
[Site "St Petersburg RUS"]
[Date "2015.05.13"]
[Round "5"]
[White "Fedoseev, Vladimir3"]
[Black "Solozhenkin, Evgeniy"]
[Result "1-0"]
[WhiteElo "2683"]
[BlackElo "2464"]
[PlyCount "79"]
[EventDate "2015.05.13"]

1. e4 e5 2. Nf3 Nc6 3. d4 exd4 4. Nxd4 Nf6 5. Nxc6 bxc6 6. Qe2 d6 7. g3 Be7 8.
Bg2 O-O 9. O-O Nd7 10. a4 a5 11. Rd1 Bf6 12. Nd2 Ba6 13. Qe1 Nc5 14. Nb3 Nxb3
15. cxb3 Qb8 16. Ra3 Re8 17. Rd2 Ra7 18. Rc2 c5 19. Qd1 Bd4 20. Kh1 Rb7 21. Qf3
Re6 22. g4 Rb4 23. Qg3 Qe8 24. f3 Qb8 25. f4 Bb7 26. Bd2 Bxe4 27. Bxe4 Rxe4 28.
Bxb4 Qxb4 29. Ra1 Re3 30. Qf2 g6 31. Rf1 Qxb3 32. f5 Rh3 33. Qg2 Be5 34. Qa8+
Kg7 35. f6+ Bxf6 36. Rcf2 Qg3 37. g5 Qxg5 38. Rxf6 Qxf6 39. Rxf6 Kxf6 40. Qxa5
1-0

[Event "Russian Championship (rapid) 2015"]
[Site "St Petersburg RUS"]
[Date "2015.05.14"]
[Round "6"]
[White "Grishchenko, Sergey1"]
[Black "Fedoseev, Vladimir3"]
[Result "0-1"]
[WhiteElo "2441"]
[BlackElo "2683"]
[PlyCount "118"]
[EventDate "2015.05.13"]

1. d4 Nf6 2. c4 g6 3. Nc3 Bg7 4. e4 d6 5. h3 O-O 6. Be3 b6 7. Nf3 c5 8. d5 a6
9. a4 e6 10. Be2 exd5 11. cxd5 Nbd7 12. Nd2 Ne8 13. Nc4 Ne5 14. O-O Nxc4 15.
Bxc4 Nc7 16. Qd3 Re8 17. Rae1 Rb8 18. Bf4 f6 19. Bh2 Qd7 20. Qg3 Rd8 21. f4 b5
22. axb5 axb5 23. Be2 b4 24. Nb1 f5 25. e5 Bb7 26. Bc4 Bxd5 27. Nd2 dxe5 28.
fxe5 Bxc4 29. Nxc4 Qd4+ 30. Ne3 Ne6 31. Qf2 c4 32. Kh1 Bh6 33. Nxf5 gxf5 34.
Qxf5 Qd7 35. Qg4+ Bg7 36. Qxc4 Kh8 37. Bg3 Qd3 38. Qg4 Qg6 39. Qh4 Rd4 40. Qe7
Re8 41. Qf7 Rd2 42. b3 Rf8 43. Qxg6 hxg6 44. Rxf8+ Bxf8 45. Rf1 Rd3 46. Bh4 Bg7
47. Rf7 Rd1+ 48. Kh2 Bxe5+ 49. Bg3 Bxg3+ 50. Kxg3 Rd3+ 51. Kg4 Rd4+ 52. Kg3 Nc5
53. h4 Nxb3 54. Kh3 Nc5 55. Rc7 Nd3 56. Rb7 Nf4+ 57. Kg3 Nd5 58. Kh3 Kg8 59. g4
Rd3+ 0-1

[Event "Russian Championship (rapid) 2015"]
[Site "St Petersburg RUS"]
[Date "2015.05.14"]
[Round "7"]
[White "Ponkratov, Pavel"]
[Black "Fedoseev, Vladimir3"]
[Result "1/2-1/2"]
[WhiteElo "2610"]
[BlackElo "2683"]
[PlyCount "322"]
[EventDate "2015.05.13"]

1. c4 Nf6 2. Nc3 g6 3. e4 d6 4. d4 Bg7 5. Be3 O-O 6. h3 Na6 7. Bd3 c5 8. d5 e6
9. Nf3 Re8 10. O-O Nc7 11. Qd2 exd5 12. exd5 b5 13. cxb5 Ncxd5 14. Nxd5 Nxd5
15. Bg5 Qb6 16. Bc4 Nc7 17. Bh6 Be6 18. Bxg7 Kxg7 19. Bxe6 Rxe6 20. Ng5 Re5 21.
a4 h6 22. Nf3 Rf5 23. Rfd1 d5 24. Rac1 Ne6 25. Nh2 d4 26. b4 Rd8 27. bxc5 Nxc5
28. Qb4 a5 29. Qa3 d3 30. Ng4 Rd4 31. Qb2 Nxa4 32. Qa1 Rxb5 33. Rc6 Qd8 34.
Rxd3 Nb2 35. Qc1 g5 36. Rxd4 Qxd4 37. Ne3 Nd3 38. Qc2 Nb4 39. Qa4 Re5 40. Rc4
Qb2 41. Qd7 Qb1+ 42. Kh2 Qd3 43. Rd4 Qb5 44. Qd6 Re6 45. Qc7 Qe5+ 46. Qxe5+
Rxe5 47. g4 Rc5 48. Rd6 Rc6 49. Nf5+ Kh7 50. Rd7 Ra6 51. Rxf7+ Kg8 52. Rg7+ Kf8
53. Rb7 Nd5 54. Rb5 Nf4 55. h4 a4 56. hxg5 hxg5 57. Nd4 a3 58. Rxg5 a2 59. Nb3
Rh6+ 60. Kg3 Ne2+ 61. Kg2 Rb6 62. Ra5 Rxb3 63. Rxa2 Nf4+ 64. Kh2 Kg7 65. Ra5
Rh3+ 66. Kg1 Kg6 67. Rf5 Ne2+ 68. Kg2 Ra3 69. f3 Nd4 70. Rf8 Kg7 71. Rf4 Ra2+
72. Kh3 Ne2 73. Rf5 Kg6 74. Kh4 Ra1 75. Kh3 Rg1 76. Kh2 Ra1 77. Kh3 Nd4 78. Rf4
Rd1 79. Kg2 Rd2+ 80. Kh3 Kg7 81. Kh4 Rd3 82. g5 Nxf3+ 83. Kg4 Ne5+ 84. Kf5 Nf7
85. g6 Nh6+ 86. Ke4 Rd6 87. Rf1 Re6+ 88. Kd5 Re8 89. Kd4 Re2 90. Kd5 Ra2 91.
Kd4 Ra5 92. Ke4 Rh5 93. Ra1 Rh4+ 94. Ke5 Ng4+ 95. Kf4 Nf6+ 96. Ke5 Rh5+ 97. Kd4
Rd5+ 98. Kc4 Rd7 99. Ra6 Ne4 100. Ra1 Nd2+ 101. Kc3 Nf3 102. Rf1 Ng5 103. Rg1
Ne4+ 104. Kc4 Rd6 105. Re1 Nd2+ 106. Kc5 Rd7 107. Rh1 Ne4+ 108. Kc4 Ng5 109.
Rg1 Ne6 110. Re1 Rd6 111. Rh1 Rd4+ 112. Kc3 Rd5 113. Kc4 Rd4+ 114. Kc3 Rg4 115.
Rh7+ Kxg6 116. Ra7 Kf6 117. Ra8 Nc7 118. Rh8 Ke5 119. Kd3 Nd5 120. Re8+ Kd6
121. Rd8+ Ke6 122. Re8+ Kd7 123. Rh8 Rf4 124. Rh7+ Kd6 125. Rh8 Nf6 126. Ra8
Ke5 127. Rh8 Rd4+ 128. Kc3 Nd5+ 129. Kc2 Rf4 130. Re8+ Kd4 131. Rd8 Rf3 132.
Rd6 Rf8 133. Rh6 Ne3+ 134. Kb3 Rb8+ 135. Ka4 Nf5 136. Rh1 Nd6 137. Rh4+ Ne4
138. Ka5 Kc5 139. Rh5+ Kc6 140. Rh6+ Nd6 141. Ka4 Rb6 142. Rh1 Rb2 143. Rh6 Kc5
144. Rh5+ Kd4 145. Rh4+ Ne4 146. Ka5 Kd3 147. Rh3+ Kc4 148. Rh4 Kc5 149. Rh5+
Kc6 150. Rh6+ Nd6 151. Ka4 Kc5 152. Rh5+ Kd4 153. Rh4+ Ne4 154. Ka5 Rb8 155.
Ka4 Kd5 156. Ka5 Nf6 157. Ka4 Kc5 158. Rh1 Ne4 159. Rh5+ Kc4 160. Ka5 Nc3 161.
Rh4+ Kc5 1/2-1/2

[Event "Russian Championship (rapid) 2015"]
[Site "St Petersburg RUS"]
[Date "2015.05.14"]
[Round "8"]
[White "Fedoseev, Vladimir3"]
[Black "Alekseev, Evgeny"]
[Result "0-1"]
[WhiteElo "2683"]
[BlackElo "2653"]
[PlyCount "108"]
[EventDate "2015.05.13"]

1. Nf3 d5 2. g3 c6 3. Bg2 Bg4 4. d3 Nd7 5. O-O e6 6. Nbd2 Bd6 7. e4 Ne7 8. Qe1
O-O 9. Kh1 e5 10. Ng1 Qc7 11. a3 f5 12. h3 Bh5 13. exf5 Nxf5 14. g4 Nd4 15. Qd1
Bg6 16. Ndf3 Nxf3 17. Nxf3 Be7 18. Be3 Rae8 19. b4 Bd8 20. c4 e4 21. dxe4 Bxe4
22. cxd5 Bxd5 23. Nd4 Nb6 24. Nf5 Bxg2+ 25. Kxg2 Nd5 26. Bc5 Rf6 27. Bd4 Rf7
28. Re1 Rxe1 29. Qxe1 Qd7 30. Qe4 Ne7 31. Nxg7 Rxg7 32. Qe5 Nf5 33. Rd1 Bc7 34.
Qc5 Nxd4 35. Rxd4 Qe6 36. Qxa7 Rf7 37. Qc5 Qf6 38. Rd3 Qf4 39. Qe3 Kg7 40. Qxf4
Bxf4 41. a4 Bc7 42. f3 Kf6 43. Rc3 Ke6 44. b5 Kd5 45. bxc6 bxc6 46. h4 c5 47.
Kf2 c4 48. Ke2 Bb6 49. h5 Re7+ 50. Kd1 Kd4 51. Rc2 c3 52. g5 Kd3 53. g6 hxg6
54. hxg6 Bd4 0-1

[Event "Russian Championship (rapid) 2015"]
[Site "St Petersburg RUS"]
[Date "2015.05.14"]
[Round "9"]
[White "Artemiev, Vladislav"]
[Black "Fedoseev, Vladimir3"]
[Result "1/2-1/2"]
[WhiteElo "2671"]
[BlackElo "2683"]
[PlyCount "62"]
[EventDate "2015.05.13"]

1. Nf3 Nf6 2. g3 d5 3. Bg2 c6 4. O-O Bg4 5. d3 Nbd7 6. Qe1 e5 7. e4 dxe4 8.
dxe4 Be7 9. h3 Be6 10. Nbd2 h6 11. Qe2 Qc7 12. b3 Nh7 13. Nh2 h5 14. f4 g6 15.
Bb2 O-O-O 16. Nhf3 Bf6 17. fxe5 Nxe5 18. Nxe5 Bxe5 19. Bxe5 Qxe5 20. Qf2 Ng5
21. h4 Qc3 22. Nc4 Bxc4 23. bxc4 Rd2 24. Qxa7 Qxg3 25. Qa8+ Kd7 26. Qxb7+ Ke8
27. Qa8+ Ke7 28. Qb7+ Ke8 29. Qc8+ Ke7 30. Qb7+ Ke8 31. Qc8+ Ke7 1/2-1/2

[Event "Russian Championship (rapid) 2015"]
[Site "St Petersburg RUS"]
[Date "2015.05.14"]
[Round "10"]
[White "Fedoseev, Vladimir3"]
[Black "Motylev, Alexander"]
[Result "1-0"]
[WhiteElo "2683"]
[BlackElo "2648"]
[PlyCount "57"]
[EventDate "2015.05.13"]

1. d4 d5 2. c4 c6 3. Nf3 Nf6 4. Nc3 dxc4 5. a4 e6 6. Bg5 Bb4 7. e4 Bxc3+ 8.
bxc3 Qa5 9. e5 Ne4 10. Bd2 c5 11. Bxc4 cxd4 12. cxd4 Nxd2 13. Nxd2 Nc6 14. O-O
Nxd4 15. Nb3 Nxb3 16. Bb5+ Qxb5 17. axb5 Nxa1 18. Qxa1 O-O 19. b6 a5 20. Rd1 a4
21. Qa3 h6 22. f4 Ra6 23. Rd6 Kh7 24. Kf2 Re8 25. Ke3 Ra8 26. Kd2 Re7 27. Rd8
Rd7+ 28. Rxd7 Bxd7 29. Qd3+ 1-0

[Event "Russian Championship (rapid) 2015"]
[Site "St Petersburg RUS"]
[Date "2015.05.13"]
[Round "1"]
[White "Malakhov, Vladimir"]
[Black "Chigaev, Maksim"]
[Result "1-0"]
[WhiteElo "2702"]
[BlackElo "2496"]
[PlyCount "105"]
[EventDate "2015.05.13"]

1. Nf3 g6 2. e4 d5 3. exd5 Qxd5 4. d4 Nf6 5. Be2 Bg7 6. O-O O-O 7. c4 Qd6 8.
Nc3 a6 9. h3 Bf5 10. Be3 Ne4 11. Nd5 Nc6 12. Bf4 e5 13. Bh2 Rfe8 14. Qb3 b5 15.
Rad1 bxc4 16. Qxc4 Na5 17. dxe5 Nxc4 18. exd6 Nxb2 19. dxc7 Nxd1 20. Rxd1 Nc3
21. Nxc3 Bxc3 22. Bc4 Ba5 23. Ng5 Re7 24. g4 Bxg4 25. hxg4 Bxc7 26. Bxc7 Rxc7
27. Bb3 Kg7 28. Rd4 h6 29. Ne4 Re8 30. Nd6 Re5 31. Kg2 Rce7 32. Ra4 a5 33. Kg3
h5 34. gxh5 Rxh5 35. Rf4 f5 36. Ra4 Re1 37. Kg2 Rhh1 38. Rxa5 Reg1+ 39. Kf3
Rh3+ 40. Ke2 Rb1 41. Nc4 Kf6 42. Ra6+ Kg5 43. Ne5 Rb2+ 44. Kf1 Rd2 45. Kg2 Rc3
46. Nf3+ Rxf3 47. Kxf3 Rd3+ 48. Ke2 Rd7 49. a4 Rb7 50. Bc4 Rb2+ 51. Kf3 Rc2 52.
Bf7 Rc3+ 53. Kg2 1-0

[Event "Russian Championship (rapid) 2015"]
[Site "St Petersburg RUS"]
[Date "2015.05.13"]
[Round "2"]
[White "Demchenko, Anton"]
[Black "Malakhov, Vladimir"]
[Result "1/2-1/2"]
[WhiteElo "2589"]
[BlackElo "2702"]
[PlyCount "65"]
[EventDate "2015.05.13"]

1. e4 e5 2. Nf3 Nc6 3. Bc4 Bc5 4. c3 Nf6 5. d3 a6 6. O-O Ba7 7. Bg5 d6 8. Nbd2
h6 9. Bh4 Na5 10. Bd5 c6 11. Bxf7+ Kxf7 12. b4 b5 13. bxa5 Qxa5 14. d4 Re8 15.
Bxf6 Kxf6 16. Nh4 g6 17. Nb3 Qd8 18. f4 Kg7 19. Qe1 exf4 20. Rxf4 Be6 21. Qf2
Qg5 22. Rf1 Bc4 23. Rf6 Kh7 24. Rxg6 Rf8 25. Rxg5 Rxf2 26. Rxf2 hxg5 27. Nf5 c5
28. Na5 Bd3 29. Nc6 cxd4 30. cxd4 Bxe4 31. Nxa7 Rxa7 32. Nxd6 Bd5 33. h3
1/2-1/2

[Event "Russian Championship (rapid) 2015"]
[Site "St Petersburg RUS"]
[Date "2015.05.13"]
[Round "3"]
[White "Malakhov, Vladimir"]
[Black "Savchenko, Boris"]
[Result "0-1"]
[WhiteElo "2702"]
[BlackElo "2556"]
[PlyCount "92"]
[EventDate "2015.05.13"]

1. Nf3 d5 2. g3 Bf5 3. Bg2 Nf6 4. O-O e6 5. c4 c6 6. cxd5 exd5 7. d3 Na6 8. Nc3
Be7 9. Be3 O-O 10. Qb3 Qd7 11. Rac1 Rfe8 12. Ne5 Qc7 13. f4 Be6 14. Nb5 Qa5 15.
Nd4 Bc8 16. Bf2 Bd6 17. Ndf3 h6 18. e4 Nc5 19. Qc2 dxe4 20. Nc4 Qd8 21. Nxd6
exf3 22. Nxe8 fxg2 23. Nxf6+ Qxf6 24. Kxg2 Na6 25. Qb3 Nc7 26. Rfe1 Kh7 27. Re5
Qg6 28. d4 f6 29. Rec5 Nd5 30. Rxd5 Qe4+ 31. Kg1 cxd5 32. Re1 Qf5 33. Qb5 h5
34. Qe8 b6 35. Qf7 Ba6 36. Kg2 Bd3 37. Re7 Rg8 38. h3 a5 39. Rc7 Be4+ 40. Kh2
b5 41. a3 b4 42. axb4 axb4 43. Re7 h4 44. Be1 Bf3 45. Bf2 Qc2 46. Kg1 hxg3 0-1

[Event "Russian Championship (rapid) 2015"]
[Site "St Petersburg RUS"]
[Date "2015.05.13"]
[Round "5"]
[White "Malakhov, Vladimir"]
[Black "Pridorozhni, Aleksei"]
[Result "1/2-1/2"]
[WhiteElo "2702"]
[BlackElo "2556"]
[PlyCount "103"]
[EventDate "2015.05.13"]

1. Nf3 d6 2. g3 g6 3. Bg2 Bg7 4. O-O Nf6 5. c4 O-O 6. Nc3 c6 7. d4 Qb6 8. b3 e5
9. Bb2 e4 10. Ne1 d5 11. Ba3 Re8 12. Nc2 Qd8 13. Ne3 Be6 14. Bb2 h5 15. f4 exf3
16. exf3 Na6 17. cxd5 Nxd5 18. Ncxd5 Bxd5 19. Nxd5 Qxd5 20. f4 Qf5 21. Qd2 Nc7
22. Rae1 Rad8 23. Qf2 Qa5 24. Rxe8+ Rxe8 25. f5 Qxf5 26. Qxf5 gxf5 27. Bf3 Ne6
28. Bxh5 Bxd4+ 29. Bxd4 Nxd4 30. Rd1 c5 31. b4 b6 32. bxc5 bxc5 33. Rc1 Rc8 34.
Kf2 Kg7 35. Be2 Kf6 36. Bc4 Rh8 37. Kg2 Rb8 38. Bb3 Rb5 39. h4 a5 40. Kf2 Nxb3
41. axb3 Rxb3 42. Rxc5 a4 43. Ra5 a3 44. Ra6+ Kg7 45. Kg2 f6 46. Ra5 Kg6 47.
Kf2 Rb2+ 48. Kf3 a2 49. Ra7 Rc2 50. Kf4 Rb2 51. Kf3 Kh5 52. Rh7+ 1/2-1/2

[Event "Russian Championship (rapid) 2015"]
[Site "St Petersburg RUS"]
[Date "2015.05.14"]
[Round "6"]
[White "Levin, Evgeny A"]
[Black "Malakhov, Vladimir"]
[Result "1-0"]
[WhiteElo "2518"]
[BlackElo "2702"]
[PlyCount "101"]
[EventDate "2015.05.13"]

1. d4 d5 2. c4 c6 3. Nf3 Nf6 4. e3 Bf5 5. Nc3 e6 6. Nh4 Be4 7. f3 Bg6 8. Qb3
Qc7 9. Bd2 Be7 10. O-O-O dxc4 11. Bxc4 Nbd7 12. Be2 a6 13. Nxg6 hxg6 14. Kb1 c5
15. Rc1 b5 16. Ne4 Nxe4 17. fxe4 Qb6 18. e5 cxd4 19. Bf3 Rd8 20. Rc6 Qa7 21.
Ba5 Nxe5 22. Rc7 Qb8 23. Rb7 Qd6 24. Bc7 Qc5 25. exd4 Qxd4 26. Rd1 Qc5 27. Bxd8
Bxd8 28. Rxd8+ Kxd8 29. Rb8+ Ke7 30. Rxh8 Qg1+ 31. Bd1 Nc4 32. Qd3 Kf6 33. Rh3
Ke7 34. Rh8 Kf6 35. Qd8+ Kf5 36. Rh3 Qxg2 37. Qd3+ Ke5 38. Qg3+ Qxg3 39. Rxg3
Nd6 40. Be2 Ne4 41. Ra3 f5 42. Rxa6 f4 43. Bxb5 f3 44. Kc2 g5 45. h3 Ng3 46. a4
f2 47. Ra8 f1=Q 48. Bxf1 Nxf1 49. Kd3 Ng3 50. a5 Kd5 51. a6 1-0

[Event "Russian Championship (rapid) 2015"]
[Site "St Petersburg RUS"]
[Date "2015.05.14"]
[Round "8"]
[White "Grigoriants, Sergey"]
[Black "Malakhov, Vladimir"]
[Result "1/2-1/2"]
[WhiteElo "2594"]
[BlackElo "2702"]
[PlyCount "65"]
[EventDate "2015.05.13"]

1. e4 e5 2. Nf3 Nc6 3. Bb5 g6 4. O-O Bg7 5. c3 a6 6. Ba4 Nge7 7. d4 exd4 8.
cxd4 b5 9. Bc2 d6 10. d5 Na5 11. Nc3 O-O 12. Re1 Bb7 13. Rb1 c6 14. dxc6 Naxc6
15. Bg5 h6 16. Bh4 Qb6 17. Qd2 g5 18. Bg3 Rad8 19. Rbd1 Na5 20. b3 Nac6 21. Ne2
Ne5 22. Ned4 Rc8 23. Qe2 Rfe8 24. Bb1 Nxf3+ 25. Nxf3 Nf5 26. Qd3 Nxg3 27. hxg3
Be5 28. Nd4 Bxd4 29. Qxd4 Qxd4 30. Rxd4 d5 31. e5 Rc3 32. Bf5 Kg7 33. Kh2
1/2-1/2

[Event "Russian Championship (rapid) 2015"]
[Site "St Petersburg RUS"]
[Date "2015.05.14"]
[Round "9"]
[White "Malakhov, Vladimir"]
[Black "Iskusnyh, Sergei"]
[Result "1-0"]
[WhiteElo "2702"]
[BlackElo "2465"]
[PlyCount "67"]
[EventDate "2015.05.13"]

1. e4 e6 2. d4 d5 3. Nd2 c5 4. Ngf3 cxd4 5. Nxd4 Nc6 6. Bb5 Bd7 7. Nxc6 bxc6 8.
Bd3 Bd6 9. Qe2 Ne7 10. Nf3 Ng6 11. e5 Bc7 12. O-O O-O 13. c4 f6 14. Bxg6 hxg6
15. b3 g5 16. h3 Qe7 17. Bd2 Rfc8 18. Rfe1 Qf7 19. Qd3 Qh5 20. Rac1 g4 21. hxg4
Qxg4 22. Re3 Kf7 23. cxd5 cxd5 24. exf6 gxf6 25. Qh7+ Qg7 26. Rxc7 Qxh7 27.
Rxd7+ Kg6 28. Ne5+ fxe5 29. Rg3+ Kf5 30. Rxh7 Rc2 31. Rh5+ Ke4 32. Rh4+ Kf5 33.
Rf3+ Kg6 34. Rg4+ 1-0

[Event "Russian Championship (rapid) 2015"]
[Site "St Petersburg RUS"]
[Date "2015.05.14"]
[Round "10"]
[White "Shimanov, Aleksandr"]
[Black "Malakhov, Vladimir"]
[Result "1-0"]
[WhiteElo "2606"]
[BlackElo "2702"]
[PlyCount "109"]
[EventDate "2015.05.13"]

1. c4 Nf6 2. g3 c6 3. Nf3 d5 4. d4 dxc4 5. Bg2 g6 6. O-O Bg7 7. a4 O-O 8. Na3
Nbd7 9. Nxc4 Nb6 10. Nce5 a5 11. b3 Bf5 12. Ba3 Nfd7 13. Nc4 Re8 14. Rc1 Nxc4
15. bxc4 Be4 16. e3 e5 17. dxe5 Bxf3 18. Bxf3 Nxe5 19. Be2 Qc7 20. Bd6 Qc8 21.
Qb3 Bf8 22. c5 Bxd6 23. cxd6 Qe6 24. Qxb7 Qxd6 25. Rfd1 Qa3 26. Ra1 Qc3 27. Qb6
Qc2 28. Re1 Rab8 29. Qd4 Rbd8 30. Qf4 Rd2 31. Rec1 Qb3 32. Bf1 h5 33. Rab1 Qa2
34. Ra1 Qe6 35. h3 Kg7 36. Rc5 f6 37. Rxa5 g5 38. Qe4 f5 39. Ra7+ Kg6 40. Qh1
Rb8 41. Rc1 Rbb2 42. Rc7 Rbc2 43. Rxc2 Rxc2 44. g4 Rc1 45. Qg2 Qc4 46. gxf5+
Kf6 47. f4 gxf4 48. Qg7+ Kxf5 49. Qh7+ Kf6 50. Qg7+ Kf5 51. Qf8+ Kg5 52. Qd8+
Kf5 53. Qf8+ Kg5 54. exf4+ Kh4 55. fxe5 1-0

[Event "Russian Championship (rapid) 2015"]
[Site "St Petersburg RUS"]
[Date "2015.05.14"]
[Round "11"]
[White "Malakhov, Vladimir"]
[Black "Goganov, Aleksey"]
[Result "0-1"]
[WhiteElo "2702"]
[BlackElo "2609"]
[PlyCount "112"]
[EventDate "2015.05.13"]

1. d4 Nf6 2. Nc3 d5 3. Bf4 Bf5 4. f3 e6 5. g4 Bg6 6. h4 h6 7. h5 Bh7 8. e3 Bd6
9. Bd3 Bxd3 10. Qxd3 Nc6 11. Nge2 Bxf4 12. exf4 Qd6 13. O-O-O O-O-O 14. Kb1 a6
15. Qe3 Nd7 16. Nc1 Nb6 17. Nd3 Nc4 18. Qf2 b6 19. Rhe1 Kb7 20. a3 f6 21. Ka2
Rhe8 22. Nb1 e5 23. dxe5 fxe5 24. b3 N4a5 25. fxe5 Nxe5 26. Nc3 Nac6 27. Nxe5
Rxe5 28. Rd3 d4 29. Rxe5 Nxe5 30. Rd1 Qf6 31. f4 Nxg4 32. Qf3+ Qc6 33. Qxg4
Qxc3 34. Qg2+ Qc6 35. Qxc6+ Kxc6 36. Rg1 Rd7 37. f5 Rf7 38. f6 gxf6 39. Rg6 Kd5
40. Rxh6 f5 41. Rg6 Re7 42. h6 Re2 43. Kb1 Rh2 44. Kc1 f4 45. Kd1 Ke4 46. Rg7
c5 47. h7 b5 48. Re7+ Kf3 49. Rc7 c4 50. bxc4 bxc4 51. Rxc4 Ke3 52. Kc1 Rh1+
53. Kb2 Rxh7 54. Rc8 Re7 55. Kc1 Ke2 56. Rd8 Re4 0-1